Najlepsze ligi Europy - Statystyki

Ogólne statystyki
  • Ten quiz został rozwiązany 154 razy
  • Średni wynik to 4 z 17
Statystyki odpowiedzi
Wskazówki Odpowiedzi % Poprawnych
2. La Liga
89%
1. Premier league
86%
4. Bundesliga
79%
6. Ligue 1
70%
3. Seria A
45%
5. Eredivisie
28%
7. Liga Nos
23%
9. Süper lig
12%
8. Pro league
4%
17. Premier Liha
3%
13. česká fotbalová liga 1
2%
15. Eliteserien
2%
11. Austriacka Bundesliga
1%
10. Scottish Premiership
1%
12. Swiss Super League
1%
14. Superligaen
0%
16. Super liga Srbije
0%
Nie znaleziono quizów pasujących do podanych kryteriów
Rozkład punktacji
Procent ludzi z każdym wynikiem
Percentyl według liczby udzielonych odpowiedzi
Twoja historia wyników
Nie rozwiązałeś tego quizu